[Event "Bayerische Frauen EM 2014"]
[Site "Westerndorf St. Peter/Rosenheim"]
[Date "2014.08.23"]
[Round "1.1"]
[White "Milak, Adela"]
[Black "Lorenz, Oda"]
[Result "0-1"]
[WhiteElo "1673"]
[BlackElo "1846"]
[PlyCount "90"]
[EventDate "2014.08.23"]
[WhiteTeam "SC Haar 1931"]
[BlackTeam "Schachges. Augsburg 1873"]

1. e4 e5 2. Nf3 Nc6 3. Bb5 Nf6 4. O-O a6 5. Bxc6 dxc6 6. Nxe5 Be7 7. d3 O-O 8.
Be3 Bd6 9. Nf3 Bg4 10. h3 Bxf3 11. Qxf3 Qe7 12. Bf4 Rae8 13. e5 Bxe5 14. Re1
Qc5 15. Bxe5 Rxe5 16. Rxe5 Qxe5 17. Nc3 Re8 18. Rd1 h6 19. a3 Nd5 20. d4 Qg5
21. Ne4 Qg6 22. Nc5 Qxc2 23. Nxb7 Nf4 24. Kh2 Re2 25. Rf1 Nd3 26. Nd8 f6 27.
Nxc6 Nxf2 28. Nb4 Qxb2 29. Qd5+ Kh8 30. Nxa6 Ne4 31. Rg1 Qxa3 32. Qd8+ Kh7 33.
Qxc7 Qxa6 34. Qf4 Qd6 35. Qxd6 Nxd6 36. Rd1 g5 37. Kg3 f5 38. d5 Kg6 39. Kf3
Re5 40. g3 h5 41. g4 f4 42. Rd3 h4 43. Kf2 Kf6 44. Kf3 Ke7 45. Rd2 Nf7 0-1

[Event "Bayerische Frauen EM 2014"]
[Site "Westerndorf St. Peter/Rosenheim"]
[Date "2014.08.23"]
[Round "1.2"]
[White "Zwetz, Anita"]
[Black "Hastreiter, Laura"]
[Result "1-0"]
[WhiteElo "1924"]
[BlackElo "1764"]
[PlyCount "55"]
[EventDate "2014.08.23"]
[WhiteTeam "TSV Kareth-Lappersdorf"]
[BlackTeam "SG Vogtareuth-Prutting"]

1. d4 d5 2. Nf3 Nf6 3. Bg5 e6 4. e3 c5 5. c3 Nc6 6. Nbd2 h6 7. Bh4 Be7 8. Bd3
c4 9. Bc2 O-O 10. Qe2 b5 11. Ne5 Nxe5 12. dxe5 Nd7 13. Bxe7 Qxe7 14. Nf3 b4 15.
Qd2 a5 16. O-O Bb7 17. Rfe1 Rfd8 18. Rad1 bxc3 19. Qxc3 Qb4 20. Qd4 Nb8 21. a3
Qb5 22. Qh4 Qe8 23. Rd4 Nc6 24. Rg4 Kh8 25. Qh3 Ne7 26. Rh4 Ng6 27. Rxh6+ gxh6
28. Qxh6+ 1-0

[Event "Bayerische Frauen EM 2014"]
[Site "Westerndorf St. Peter/Rosenheim"]
[Date "2014.08.23"]
[Round "1.3"]
[White "Müller, Lilianne"]
[Black "Homfeldt, Claudia Laura"]
[Result "1/2-1/2"]
[WhiteElo "1698"]
[BlackElo "1438"]
[PlyCount "122"]
[EventDate "2014.08.23"]
[WhiteTeam "MSA Zugzwang 82 e.V."]
[BlackTeam "SC Noris-Tarrasch Nürnberg 1873"]

1. d4 c5 2. d5 d6 3. c4 a6 4. Nc3 g6 5. Nf3 Bg7 6. e4 Nf6 7. Be2 O-O 8. O-O
Nfd7 9. Qc2 Re8 10. Rb1 Qa5 11. a3 Qc7 12. Be3 Ne5 13. Nxe5 Bxe5 14. f4 Bg7 15.
b4 b6 16. f5 Bd4 17. Bxd4 cxd4 18. Na2 Nd7 19. Qd2 a5 20. fxg6 fxg6 21. Qxd4
axb4 22. Nxb4 Qc5 23. Qxc5 bxc5 24. Nc2 e6 25. Rb3 exd5 26. cxd5 Rxe4 27. Bf3
Re8 28. Ne3 Ne5 29. Be2 Ba6 30. Bxa6 Rxa6 31. h3 Rea8 32. Nc2 Nc4 33. Rb7 R6a7
34. Rff7 Rxb7 35. Rxb7 h5 36. Kf2 Nxa3 37. Nxa3 Rxa3 38. Rb6 Ra2+ 39. Kf3 c4
40. Rxd6 Kf7 41. Rc6 Ra3+ 42. Ke4 c3 43. Kd3 Ra5 44. d6 Rd5+ 45. Kxc3 Ke6 46.
d7+ Kxd7 47. Rxg6 h4 48. Rg4 Rc5+ 49. Kd4 Rh5 50. Ke4 Ke6 51. Rg6+ Kf7 52. Rg4
Kf6 53. Kf3 Rf5+ 54. Rf4 Kg5 55. Rxf5+ Kxf5 56. g3 hxg3 57. Kxg3 Kg6 58. Kg4
Kh7 59. Kh5 Kh8 60. Kh6 Kg8 61. Kg6 Kh8 1/2-1/2

[Event "Bayerische Frauen EM 2014"]
[Site "Westerndorf St. Peter/Rosenheim"]
[Date "2014.08.23"]
[Round "1.4"]
[White "Stegmaier, Erika"]
[Black "Weiß, Monika"]
[Result "1/2-1/2"]
[WhiteElo "1565"]
[BlackElo "1653"]
[PlyCount "74"]
[EventDate "2014.08.23"]
[WhiteTeam "1.Schachklub Neuperlach e.V."]
[BlackTeam "SC Bavaria Regensb.1881"]

1. c4 e5 2. g3 f5 3. Bg2 Nf6 4. e3 c6 5. Nc3 Bb4 6. Nge2 Bxc3 7. Nxc3 d5 8.
cxd5 cxd5 9. d4 e4 10. O-O O-O 11. Bd2 Nc6 12. a3 Na5 13. b3 Bd7 14. Rc1 Qb6
15. Rb1 Rac8 16. a4 a6 17. Ne2 Nc6 18. b4 Qd8 19. Nf4 b5 20. a5 Qe7 21. Qb3 Qf7
22. Rbc1 Ne7 23. Rc5 Rxc5 24. dxc5 Nc6 25. Bc3 g5 26. Ne2 Be6 27. Nd4 Nxd4 28.
Bxd4 Ne8 29. Qb2 f4 30. exf4 gxf4 31. f3 fxg3 32. fxe4 gxh2+ 33. Kh1 Qh5 34.
Rxf8+ Kxf8 35. Qf2+ Ke7 36. Qf1 dxe4 37. Bxe4 Kd7 1/2-1/2

[Event "Bayerische Frauen EM 2014"]
[Site "Westerndorf St. Peter/Rosenheim"]
[Date "2014.08.23"]
[Round "1.5"]
[White "Homfeldt, Maren"]
[Black "Billing, Kerstin"]
[Result "0-1"]
[WhiteElo "1386"]
[BlackElo "1679"]
[PlyCount "92"]
[EventDate "2014.08.23"]
[WhiteTeam "SC Noris-Tarrasch Nürnberg 1873"]
[BlackTeam "SC Schwabmünchen"]

1. g3 d5 2. Bg2 c6 3. e3 e5 4. d3 Nf6 5. h3 Be7 6. Ne2 O-O 7. b3 Bf5 8. Nd2
Nbd7 9. Bb2 Bc5 10. a3 a5 11. d4 exd4 12. Nxd4 Bg6 13. O-O Qc7 14. Ne2 Bd6 15.
f4 h6 16. Rf2 Rfe8 17. Nf1 Bc5 18. Bd4 Bd6 19. Qd2 Be4 20. Bxf6 Nxf6 21. Nh2
Bxg2 22. Rxg2 Bc5 23. Nd4 Qb6 24. Nhf3 Re4 25. Re2 Nh5 26. Kg2 Rae8 27. a4 Qd8
28. c3 Bd6 29. Rae1 Nf6 30. Qd3 g6 31. Nd2 R4e7 32. e4 Bc7 33. e5 Nh5 34. e6
Bd6 35. exf7+ Kxf7 36. Kf3 Qc7 37. Rxe7+ Rxe7 38. Rxe7+ Qxe7 39. Qe3 Qd7 40. g4
Nxf4 41. h4 -- 42. h5 gxh5 43. gxh5 Qh3+ 44. Kf2 Qh2+ 45. Ke1 Ng2+ 46. Kd1
Nxe3+ 0-1

[Event "Bayerische Frauen EM 2014"]
[Site "Westerndorf St. Peter/Rosenheim"]
[Date "2014.08.24"]
[Round "2.1"]
[White "Lorenz, Oda"]
[Black "Billing, Kerstin"]
[Result "1/2-1/2"]
[WhiteElo "1846"]
[BlackElo "1679"]
[PlyCount "72"]
[EventDate "2014.08.23"]
[WhiteTeam "Schachges. Augsburg 1873"]
[BlackTeam "SC Schwabmünchen"]

1. e4 e5 2. Nf3 Nc6 3. Bb5 a6 4. Ba4 b5 5. Bb3 d6 6. c3 Be7 7. d4 Nf6 8. h3 O-O
9. O-O Bb7 10. Re1 h6 11. Nbd2 Nh7 12. Nf1 Ng5 13. d5 Nxf3+ 14. Qxf3 Na5 15.
Bc2 Bc8 16. b4 Nc4 17. a4 Nb6 18. axb5 axb5 19. Rxa8 Nxa8 20. Ng3 Bg5 21. Bd3
Bxc1 22. Rxc1 Qg5 23. Ra1 Bd7 24. Qe2 Rb8 25. Kh2 Qf4 26. Re1 g6 27. Qe3 Qxe3
28. Rxe3 Nb6 29. Ne2 Ra8 30. f4 f6 31. f5 g5 32. Ng3 Be8 33. Nh1 Ra3 34. Bc2
Nc4 35. Rg3 Nd2 36. Bd3 Rxc3 1/2-1/2

[Event "Bayerische Frauen EM 2014"]
[Site "Westerndorf St. Peter/Rosenheim"]
[Date "2014.08.24"]
[Round "2.2"]
[White "Weiß, Monika"]
[Black "Homfeldt, Maren"]
[Result "1-0"]
[WhiteElo "1653"]
[BlackElo "1386"]
[PlyCount "51"]
[EventDate "2014.08.23"]
[WhiteTeam "SC Bavaria Regensb.1881"]
[BlackTeam "SC Noris-Tarrasch Nürnberg 1873"]

1. e4 b6 2. d4 Bb7 3. d5 e6 4. c4 d6 5. Nc3 a6 6. Nf3 h6 7. Bd3 g6 8. dxe6 fxe6
9. e5 Ne7 10. O-O Nd7 11. exd6 cxd6 12. Nh4 Ne5 13. Re1 Nf5 14. Nxf5 gxf5 15.
Qh5+ Kd7 16. Qe2 Qf6 17. Bf4 Qg7 18. Bg3 Re8 19. f4 Nxd3 20. Qxd3 Qf6 21. Bf2
e5 22. fxe5 Rxe5 23. Rxe5 Qxe5 24. Re1 Qf4 25. Nd5 Qg4 26. Nf6+ 1-0

[Event "Bayerische Frauen EM 2014"]
[Site "Westerndorf St. Peter/Rosenheim"]
[Date "2014.08.24"]
[Round "2.3"]
[White "Homfeldt, Claudia Laura"]
[Black "Stegmaier, Erika"]
[Result "0-1"]
[WhiteElo "1438"]
[BlackElo "1565"]
[PlyCount "120"]
[EventDate "2014.08.23"]
[WhiteTeam "SC Noris-Tarrasch Nürnberg 1873"]
[BlackTeam "1.Schachklub Neuperlach e.V."]

1. e4 c5 2. Nc3 Nc6 3. d3 d6 4. Be3 a6 5. Nf3 Nf6 6. Be2 g6 7. O-O Bg7 8. h3
O-O 9. a3 Qc7 10. Qd2 e5 11. Bh6 Be6 12. Bxg7 Kxg7 13. Ng5 Bd7 14. Nf3 Qc8 15.
Kh2 Rb8 16. Rh1 b5 17. Kg1 Rh8 18. Kf1 h5 19. Ke1 c4 20. dxc4 bxc4 21. Rb1 Be6
22. Ng5 Nd4 23. Nxe6+ Qxe6 24. Na4 Nxe4 25. Qd1 Nxe2 26. Qxe2 Nf6 27. Rd1 Rhd8
28. g4 hxg4 29. hxg4 Qxg4 30. Qxg4 Nxg4 31. Rh4 f5 32. Ke2 e4 33. Rdh1 Rh8 34.
Rxh8 Rxh8 35. Rxh8 Kxh8 36. Nb6 Ne5 37. Nd5 Kg7 38. Nc7 a5 39. Ne6+ Kf6 40. Nf4
Nc6 41. Nd5+ Ke5 42. Nb6 Kd4 43. c3+ Ke5 44. Nxc4+ Ke6 45. f3 exf3+ 46. Kxf3
Ne5+ 47. Nxe5 dxe5 48. c4 e4+ 49. Ke3 g5 50. c5 g4 51. Kf4 Kd5 52. b4 axb4 53.
axb4 Kc6 54. Ke3 g3 55. Ke2 f4 56. Kf1 f3 57. Kg1 e3 58. Kf1 e2+ 59. Ke1 g2 60.
Kf2 g1=Q+ 0-1

[Event "Bayerische Frauen EM 2014"]
[Site "Westerndorf St. Peter/Rosenheim"]
[Date "2014.08.24"]
[Round "2.4"]
[White "Hastreiter, Laura"]
[Black "Müller, Lilianne"]
[Result "0-1"]
[WhiteElo "1764"]
[BlackElo "1698"]
[PlyCount "60"]
[EventDate "2014.08.23"]
[WhiteTeam "SG Vogtareuth-Prutting"]
[BlackTeam "MSA Zugzwang 82 e.V."]

1. d4 e6 2. Nf3 Nf6 3. c4 c5 4. e3 a6 5. Nc3 g6 6. Be2 Bg7 7. dxc5 Qa5 8. O-O
Qxc5 9. Na4 Qc7 10. Qb3 Nc6 11. Nb6 Rb8 12. Bd2 Ne4 13. Rfd1 Nc5 14. Qa3 Qxb6
15. Rab1 a5 16. b4 axb4 17. Bxb4 Nxb4 18. Rxb4 Qa6 19. Qc1 O-O 20. Rb5 d6 21.
Qb1 Bd7 22. Rb6 Qa7 23. Rdxd6 Bc6 24. Nd4 Bxd4 25. Rxd4 Rfd8 26. Bf3 Bxf3 27.
gxf3 Rxd4 28. exd4 Na4 29. Rb4 Nc3 30. Qd3 Qxd4 0-1

[Event "Bayerische Frauen EM 2014"]
[Site "Westerndorf St. Peter/Rosenheim"]
[Date "2014.08.24"]
[Round "2.5"]
[White "Milak, Adela"]
[Black "Zwetz, Anita"]
[Result "0-1"]
[WhiteElo "1673"]
[BlackElo "1924"]
[PlyCount "89"]
[EventDate "2014.08.23"]
[WhiteTeam "SC Haar 1931"]
[BlackTeam "TSV Kareth-Lappersdorf"]

1. b4 d5 2. Bb2 Nf6 3. Nf3 c6 4. e3 Qb6 5. a3 Bg4 6. Be2 Nbd7 7. O-O e6 8. d3
a5 9. c3 Be7 10. Nbd2 O-O 11. h3 Bh5 12. g4 Bg6 13. Nh4 Ne8 14. Ndf3 Nd6 15.
Nxg6 hxg6 16. Qd2 a4 17. Rac1 Qd8 18. Nd4 e5 19. Nc2 f5 20. c4 Nf7 21. cxd5
cxd5 22. f4 fxg4 23. hxg4 g5 24. Bf3 gxf4 25. exf4 exf4 26. Bxd5 g5 27. Bxb7
Qb6+ 28. d4 Qxb7 29. Qd3 Nh8 30. Rce1 Bf6 31. Rf3 Rf7 32. Rh3 Qd5 33. Na1 Nb6
34. Rh5 Qd7 35. Qd1 Re8 36. Rxe8+ Qxe8 37. Nc2 Qe4 38. Rh3 Rh7 39. Rxh7 Kxh7
40. Ne1 Nd5 41. Ng2 f3 42. Ne1 Qxg4+ 43. Kf2 Qh4+ 44. Kg1 f2+ 45. Kf1 0-1

[Event "Bayerische Frauen EM 2014"]
[Site "Westerndorf St. Peter/Rosenheim"]
[Date "2014.08.24"]
[Round "3.1"]
[White "Zwetz, Anita"]
[Black "Lorenz, Oda"]
[Result "1-0"]
[WhiteElo "1924"]
[BlackElo "1846"]
[PlyCount "137"]
[EventDate "2014.08.23"]
[WhiteTeam "TSV Kareth-Lappersdorf"]
[BlackTeam "Schachges. Augsburg 1873"]

1. d4 Nf6 2. Bg5 d5 3. Nf3 h6 4. Bxf6 exf6 5. e3 Bd6 6. Bd3 O-O 7. c3 Bg4 8.
Nbd2 c6 9. h3 Bh5 10. Qc2 Qe8 11. Nh4 Bf4 12. Nf1 Bg5 13. Nf5 Bg6 14. h4 Bxf5
15. Bxf5 Bf4 16. O-O-O Bd6 17. h5 Nd7 18. g4 Nb6 19. Bd3 a5 20. Rg1 Nc4 21.
Bxc4 dxc4 22. Ng3 a4 23. Nf5 Qe6 24. a3 Rfe8 25. Rde1 Bf8 26. e4 c5 27. d5 Qe5
28. Qd2 Qh2 29. f4 Qxd2+ 30. Kxd2 b5 31. g5 fxg5 32. fxg5 hxg5 33. Rxg5 Kh7 34.
Ke3 Re5 35. Kf3 Rae8 36. Re2 b4 37. Rg4 Rb8 38. cxb4 cxb4 39. axb4 Rxb4 40. d6
Re8 41. e5 a3 42. bxa3 Rb3+ 43. Kf2 c3 44. Rc4 Rb2 45. d7 Rxe2+ 46. Kxe2 Rxe5+
47. Kd3 Rd5+ 48. Rd4 Rxd4+ 49. Nxd4 Be7 50. Nc6 Bf6 51. d8=Q Bxd8 52. Nxd8 f5
53. Ne6 Kh6 54. Kxc3 Kxh5 55. Nxg7+ Kg6 56. Ne8 f4 57. Nd6 f3 58. Ne4 Kf5 59.
Kd4 Ke6 60. Ng5+ Kd6 61. Nxf3 Kc6 62. Kc4 Kb6 63. Kb4 Ka6 64. Nd4 Kb6 65. Ne6
Ka6 66. Nc5+ Ka7 67. Kb5 Ka8 68. Kb6 Kb8 69. Na6+ 1-0

[Event "Bayerische Frauen EM 2014"]
[Site "Westerndorf St. Peter/Rosenheim"]
[Date "2014.08.24"]
[Round "3.2"]
[White "Müller, Lilianne"]
[Black "Milak, Adela"]
[Result "1/2-1/2"]
[WhiteElo "1698"]
[BlackElo "1673"]
[PlyCount "157"]
[EventDate "2014.08.23"]
[WhiteTeam "MSA Zugzwang 82 e.V."]
[BlackTeam "SC Haar 1931"]

1. d4 Nf6 2. Nf3 d6 3. c4 Nbd7 4. Nc3 e6 5. e4 c5 6. d5 e5 7. Be2 Be7 8. O-O
O-O 9. h3 Re8 10. a3 b6 11. b4 a6 12. Be3 Nf8 13. Qd2 Bd7 14. Rfd1 Ng6 15. Nh2
Qc8 16. g4 h6 17. Kh1 Rb8 18. Rg1 Nh7 19. Raf1 Ng5 20. Rg3 Nh4 21. f4 exf4 22.
Bxf4 Ng6 23. Bd3 Ne5 24. Bxe5 dxe5 25. b5 axb5 26. cxb5 c4 27. Bc2 Bxa3 28. h4
Nh7 29. Qf2 f6 30. Qd2 Bb4 31. d6 Bxc3 32. Rxc3 Qc5 33. Ra1 Re6 34. Bb3 Bxb5
35. d7 Rd6 36. Qc2 Rxd7 37. Bxc4+ Bxc4 38. Rxc4 Qd6 39. Rc8+ Rxc8 40. Qxc8+ Rd8
41. Qc4+ Kf8 42. Ra7 Qd1+ 43. Nf1 Rd7 44. Qc8+ Ke7 45. Rxd7+ Qxd7 46. Qg8 Nf8
47. Qxg7+ Ke8 48. Qxf6 Qxg4 49. Qxe5+ Qe6 50. Qb8+ Ke7 51. Qc7+ Nd7 52. Qf4 Qf6
53. Qxf6+ Nxf6 54. Nd2 b5 55. Kg2 b4 56. Kf3 Ke6 57. Kf4 Nd7 58. Nb3 Kf6 59.
Kg4 Kg6 60. h5+ Kf6 61. Kf4 Ne5 62. Nc5 Nc6 63. Nd3 b3 64. Nb2 Ke6 65. Nc4 Nd4
66. Ke3 Nc6 67. Kd3 Kf6 68. Kc3 Kg5 69. Kxb3 Kxh5 70. e5 Nd4+ 71. Kc3 Ne6 72.
Kd3 Kg4 73. Ne3+ Kf4 74. Ng2+ Kxe5 75. Ke3 Ng5 76. Kf2 h5 77. Kg3 Ne4+ 78. Kh4
Nf6 79. Kg5 1/2-1/2

[Event "Bayerische Frauen EM 2014"]
[Site "Westerndorf St. Peter/Rosenheim"]
[Date "2014.08.24"]
[Round "3.3"]
[White "Stegmaier, Erika"]
[Black "Hastreiter, Laura"]
[Result "0-1"]
[WhiteElo "1565"]
[BlackElo "1764"]
[PlyCount "106"]
[EventDate "2014.08.23"]
[WhiteTeam "1.Schachklub Neuperlach e.V."]
[BlackTeam "SG Vogtareuth-Prutting"]

1. c4 e6 2. g3 Nf6 3. Bg2 d5 4. cxd5 exd5 5. e3 Bd6 6. Nc3 c6 7. d4 Bf5 8. Nf3
Nbd7 9. O-O O-O 10. Nd2 Re8 11. Re1 Ne4 12. Ndxe4 dxe4 13. Qc2 Nf6 14. a3 Qe7
15. b4 Nd5 16. Bb2 Nxc3 17. Qxc3 Rac8 18. Rad1 Bg4 19. Rc1 h5 20. h4 g5 21.
hxg5 Qxg5 22. d5 Be5 23. Qd2 Bxb2 24. Qxb2 cxd5 25. Qd4 b6 26. b5 Be6 27. a4
Qg7 28. Qb4 h4 29. Qd6 hxg3 30. fxg3 Qg5 31. Rc6 Red8 32. Qf4 Qxf4 33. exf4
Rxc6 34. bxc6 Rc8 35. Rc1 Rc7 36. Bf1 Kf8 37. Kf2 Ke7 38. Ke3 Kd6 39. Bb5 Bc8
40. a5 bxa5 41. Rc3 a6 42. Ba4 Bb7 43. Kd4 Bxc6 44. Bxc6 Rxc6 45. Ra3 Rc4+ 46.
Ke3 a4 47. g4 Rb4 48. Kd2 d4 49. g5 Ke6 50. Ra1 Kf5 51. Rf1 Rb2+ 52. Kc1 a3 53.
Rd1 d3 0-1

[Event "Bayerische Frauen EM 2014"]
[Site "Westerndorf St. Peter/Rosenheim"]
[Date "2014.08.24"]
[Round "3.4"]
[White "Homfeldt, Maren"]
[Black "Homfeldt, Claudia Laura"]
[Result "1/2-1/2"]
[WhiteElo "1386"]
[BlackElo "1438"]
[PlyCount "28"]
[EventDate "2014.08.23"]
[WhiteTeam "SC Noris-Tarrasch Nürnberg 1873"]
[BlackTeam "SC Noris-Tarrasch Nürnberg 1873"]

1. g3 c5 2. Bg2 Nc6 3. e3 Nf6 4. h3 e5 5. a3 d6 6. b3 Be7 7. Bb2 O-O 8. Ne2 h6
9. d3 d5 10. Nd2 d4 11. O-O dxe3 12. fxe3 Nd5 13. Bxd5 Qxd5 14. e4 Qd8 1/2-1/2

[Event "Bayerische Frauen EM 2014"]
[Site "Westerndorf St. Peter/Rosenheim"]
[Date "2014.08.24"]
[Round "3.5"]
[White "Billing, Kerstin"]
[Black "Weiß, Monika"]
[Result "1-0"]
[WhiteElo "1679"]
[BlackElo "1653"]
[PlyCount "59"]
[EventDate "2014.08.23"]
[WhiteTeam "SC Schwabmünchen"]
[BlackTeam "SC Bavaria Regensb.1881"]

1. e4 d6 2. Bc4 Nf6 3. d3 g6 4. Be3 Bg7 5. Nc3 O-O 6. h3 c6 7. Qd2 Nbd7 8. Nge2
b5 9. Bb3 b4 10. Nd1 a5 11. a3 c5 12. axb4 cxb4 13. Nd4 Nc5 14. Bc4 Bb7 15. Bb5
Qc7 16. Nf3 Nfd7 17. Bh6 d5 18. Bxg7 Kxg7 19. Bxd7 Nxd7 20. O-O dxe4 21. dxe4
e5 22. c3 bxc3 23. Nxc3 f6 24. Rac1 Qd8 25. Nb5 Bxe4 26. Nc7 Qe7 27. Nxa8 Rxa8
28. Rc7 Rd8 29. Rd1 Bf5 30. Qxa5 1-0

[Event "Bayerische Frauen EM 2014"]
[Site "Westerndorf St. Peter/Rosenheim"]
[Date "2014.08.25"]
[Round "4.1"]
[White "Lorenz, Oda"]
[Black "Weiß, Monika"]
[Result "1-0"]
[WhiteElo "1846"]
[BlackElo "1653"]
[PlyCount "101"]
[EventDate "2014.08.23"]
[WhiteTeam "Schachges. Augsburg 1873"]
[BlackTeam "SC Bavaria Regensb.1881"]

1. e4 d6 2. d4 Nf6 3. Nc3 g6 4. Be2 h5 5. Bg5 Bg7 6. Nf3 c6 7. h3 Qc7 8. Qd2 b5
9. d5 b4 10. Bxf6 Bxf6 11. Nd1 c5 12. c3 a5 13. Qc2 O-O 14. a3 bxa3 15. Rxa3 e6
16. Ne3 e5 17. O-O Ba6 18. Rfa1 Bxe2 19. Qxe2 Nd7 20. Nc4 Bd8 21. Nxa5 Qc8 22.
Nc6 Rxa3 23. Rxa3 Bf6 24. Qd2 Kg7 25. Qd3 Nb8 26. Na7 Qb7 27. Nb5 Qb6 28. c4
Na6 29. Nh2 Be7 30. g4 h4 31. Qd2 g5 32. Nf1 Kg6 33. Ne3 Rd8 34. Nf5 Bf8 35.
Rf3 f6 36. Rb3 Nb4 37. Ra3 Na6 38. Qa5 Qxa5 39. Rxa5 Nb4 40. Nc7 Rd7 41. Ne6
Bh6 42. Ra8 Kh7 43. Rb8 Nd3 44. Rb6 Ra7 45. Kg2 Ne1+ 46. Kf1 Nf3 47. Nxd6 Ra1+
48. Ke2 Ng1+ 49. Kd2 Nf3+ 50. Ke3 Ra3+ 51. bxa3 1-0

[Event "Bayerische Frauen EM 2014"]
[Site "Westerndorf St. Peter/Rosenheim"]
[Date "2014.08.25"]
[Round "4.2"]
[White "Homfeldt, Claudia Laura"]
[Black "Billing, Kerstin"]
[Result "0-1"]
[WhiteElo "1438"]
[BlackElo "1679"]
[PlyCount "106"]
[EventDate "2014.08.23"]
[WhiteTeam "SC Noris-Tarrasch Nürnberg 1873"]
[BlackTeam "SC Schwabmünchen"]

1. e4 e5 2. Nf3 Nc6 3. Bc4 Bc5 4. d3 h6 5. Nc3 d6 6. h3 Nf6 7. O-O a6 8. a3 O-O
9. b4 Ba7 10. Be3 Re8 11. Bxa7 Rxa7 12. Nd5 Nh7 13. Re1 b5 14. Bb3 Ng5 15. Ne3
Be6 16. Bxe6 Rxe6 17. c3 Rg6 18. Nxg5 Rxg5 19. Nf5 Ne7 20. Nh4 Qd7 21. Re3 f5
22. Qb3+ Kh7 23. Qf7 f4 24. Rf3 c6 25. d4 Ng6 26. Qxd7 Rxd7 27. Nxg6 Rxg6 28.
dxe5 dxe5 29. g3 Rd2 30. Kf1 fxg3 31. fxg3 Rf6 32. Rxf6 gxf6 33. Kg1 Rd3 34.
Rf1 Kg6 35. Kg2 Rxc3 36. Rf3 Rc4 37. Re3 Rc2+ 38. Kf3 h5 39. h4 c5 40. bxc5
Rxc5 41. g4 hxg4+ 42. Kxg4 Rc1 43. h5+ Kh6 44. Kf5 Rf1+ 45. Kg4 Rf4+ 46. Kg3
Kxh5 47. Kg2 Kg5 48. Rg3+ Rg4 49. Kf3 Rxg3+ 50. Kxg3 f5 51. exf5 Kxf5 52. Kf3
e4+ 53. Ke3 Ke5 0-1

[Event "Bayerische Frauen EM 2014"]
[Site "Westerndorf St. Peter/Rosenheim"]
[Date "2014.08.25"]
[Round "4.3"]
[White "Hastreiter, Laura"]
[Black "Homfeldt, Maren"]
[Result "1-0"]
[WhiteElo "1764"]
[BlackElo "1386"]
[PlyCount "65"]
[EventDate "2014.08.23"]
[WhiteTeam "SG Vogtareuth-Prutting"]
[BlackTeam "SC Noris-Tarrasch Nürnberg 1873"]

1. e4 b6 2. d4 Bb7 3. Nc3 a6 4. Nf3 h6 5. Bd3 d6 6. O-O e6 7. Re1 Nd7 8. Bd2
Ne7 9. e5 d5 10. Ne2 g6 11. Nf4 Bg7 12. b3 O-O 13. g4 c5 14. c3 Rc8 15. Qe2 b5
16. Bc2 c4 17. b4 Kh7 18. Qe3 Re8 19. Nh5 Ng8 20. Nxg7 Kxg7 21. Kg2 Nf8 22. Rh1
f5 23. exf6+ Qxf6 24. Ne5 g5 25. Rhf1 Qf4 26. Qxf4 gxf4 27. Bxf4 Re7 28. Rfe1
Kf6 29. a4 Rg7 30. Bg3 Rcc7 31. Bh4+ Rg5 32. Bxg5+ hxg5 33. axb5 1-0

[Event "Bayerische Frauen EM 2014"]
[Site "Westerndorf St. Peter/Rosenheim"]
[Date "2014.08.25"]
[Round "4.4"]
[White "Milak, Adela"]
[Black "Stegmaier, Erika"]
[Result "1/2-1/2"]
[WhiteElo "1673"]
[BlackElo "1565"]
[PlyCount "106"]
[EventDate "2014.08.23"]
[WhiteTeam "SC Haar 1931"]
[BlackTeam "1.Schachklub Neuperlach e.V."]

1. b4 e6 2. Bb2 Nf6 3. e3 Bxb4 4. Nf3 Nc6 5. c3 Be7 6. d4 d5 7. Nbd2 O-O 8. Bd3
Bd6 9. c4 b6 10. Ne5 Bb7 11. Rc1 Nb4 12. Bb1 dxc4 13. Nexc4 Be7 14. a3 Nbd5 15.
e4 Nf4 16. Qf3 Ng6 17. Qh3 h6 18. e5 Nd5 19. Bxg6 fxg6 20. Qxe6+ Kh7 21. Ne3
Nxe3 22. fxe3 Bd5 23. Qg4 Bg5 24. Rc3 Qe8 25. h4 Bd8 26. e4 Be6 27. Qg3 h5 28.
d5 Bg4 29. Nf3 Bxf3 30. Rxf3 Be7 31. e6 Bd6 32. e5 Bc5 33. Rhf1 Rxf3 34. Qxf3
Qe7 35. g3 Rd8 36. Qf7 Rxd5 37. Qxe7 Bxe7 38. Rf7 Bxa3 39. Rd7 Bb4+ 40. Ke2 c6
41. Ke3 Kg8 42. Rxa7 Bc5+ 43. Ke4 Rd2 44. Ra8+ Kh7 45. Bc1 Re2+ 46. Kf4 Rf2+
47. Ke4 Re2+ 48. Kd3 Rxe5 49. Re8 b5 50. Bg5 b4 51. Kc4 Bd6 52. e7 Re4+ 53. Kb3
c5 1/2-1/2

[Event "Bayerische Frauen EM 2014"]
[Site "Westerndorf St. Peter/Rosenheim"]
[Date "2014.08.25"]
[Round "4.5"]
[White "Zwetz, Anita"]
[Black "Müller, Lilianne"]
[Result "0-1"]
[WhiteElo "1924"]
[BlackElo "1698"]
[PlyCount "94"]
[EventDate "2014.08.23"]
[WhiteTeam "TSV Kareth-Lappersdorf"]
[BlackTeam "MSA Zugzwang 82 e.V."]

1. d4 e6 2. Nf3 Nf6 3. Bg5 h6 4. Bh4 d6 5. e3 g5 6. Bg3 Bg7 7. h3 O-O 8. Bd3 c5
9. c3 Nc6 10. Nbd2 Re8 11. O-O cxd4 12. exd4 e5 13. dxe5 dxe5 14. Qc2 Nh5 15.
Bh2 Nf4 16. Bxf4 exf4 17. Rfe1 Be6 18. Be4 Rc8 19. a3 Qb6 20. Re2 Na5 21. Rae1
Red8 22. Qb1 Kh8 23. Nf1 Bc4 24. Rd2 Nb3 25. Rxd8+ Rxd8 26. Rd1 Nc5 27. Rxd8+
Qxd8 28. N1d2 Bd3 29. Bxd3 Qxd3 30. Qe1 Qd7 31. Ne5 Qe6 32. Nef3 Nd3 33. Qb1
Qe2 34. Kh2 Nxf2 35. Qf5 Qe6 36. Qc5 g4 37. Qxf2 g3+ 38. Qxg3 fxg3+ 39. Kxg3
Qd6+ 40. Kg4 Qg6+ 41. Kf4 Qxg2 42. h4 Qh1 43. Ne4 Qc1+ 44. Kf5 Qxb2 45. Nd6 Kg8
46. Kg4 Qxc3 47. Nf5 Qxa3 0-1

[Event "Bayerische Frauen EM 2014"]
[Site "Westerndorf St. Peter/Rosenheim"]
[Date "2014.08.26"]
[Round "5.1"]
[White "Müller, Lilianne"]
[Black "Lorenz, Oda"]
[Result "1-0"]
[WhiteElo "1698"]
[BlackElo "1846"]
[PlyCount "69"]
[EventDate "2014.08.23"]
[WhiteTeam "MSA Zugzwang 82 e.V."]
[BlackTeam "Schachges. Augsburg 1873"]

1. d4 Nf6 2. Nf3 g6 3. c4 c5 4. e3 Bg7 5. Nc3 b6 6. Be2 Bb7 7. O-O O-O 8. d5 d6
9. e4 Ng4 10. h3 Ne5 11. Bf4 Nbd7 12. Qd2 Nxf3+ 13. Bxf3 Ne5 14. Be2 Re8 15.
Rab1 a6 16. Bh6 Bh8 17. f4 Nd7 18. f5 Bd4+ 19. Kh1 Nf6 20. g4 Qd7 21. g5 Nh5
22. Bxh5 gxh5 23. Qg2 Bc8 24. Rf4 Kh8 25. Rh4 Rg8 26. Rxh5 e6 27. dxe6 fxe6 28.
g6 hxg6 29. fxg6 Bg7 30. Bxg7+ Kxg7 31. Rh7+ Kf6 32. e5+ Kxe5 33. Rxd7 Bxd7 34.
Qe4+ Kf6 35. Rf1+ 1-0

[Event "Bayerische Frauen EM 2014"]
[Site "Westerndorf St. Peter/Rosenheim"]
[Date "2014.08.26"]
[Round "5.2"]
[White "Stegmaier, Erika"]
[Black "Zwetz, Anita"]
[Result "1-0"]
[WhiteElo "1565"]
[BlackElo "1924"]
[PlyCount "137"]
[EventDate "2014.08.23"]
[WhiteTeam "1.Schachklub Neuperlach e.V."]
[BlackTeam "TSV Kareth-Lappersdorf"]

1. c4 e6 2. Nc3 Nf6 3. g3 d5 4. cxd5 exd5 5. d4 c6 6. Bg2 Bb4 7. Bd2 O-O 8. a3
Bd6 9. Nf3 Qe7 10. O-O Ne4 11. e3 Bg4 12. h3 Bh5 13. Qc2 f5 14. Ne2 Nd7 15. Nf4
Bf7 16. Bc3 g5 17. Nd3 g4 18. hxg4 fxg4 19. Nfe5 Nxc3 20. Qxc3 Nxe5 21. Nxe5
Bxe5 22. dxe5 Rae8 23. Qd4 Be6 24. b4 a6 25. Rab1 Qg5 26. e4 dxe4 27. Bxe4 Rd8
28. Qb2 Rd2 29. Qc3 Rfd8 30. Rb2 Rd1 31. Rb1 R1d4 32. Rfe1 Kg7 33. Bg2 Qf5 34.
Qc5 R8d7 35. Rbc1 Rd2 36. Be4 Qg5 37. Rc2 Rd1 38. Rc1 R1d4 39. Rc2 Rxe4 40.
Rxe4 Rd1+ 41. Kg2 Bd5 42. Rce2 Qh5 43. Qe7+ Bf7 44. Qf6+ Kg8 45. Qh4 Qxh4 46.
gxh4 Bd5 47. Kg3 Bxe4 48. Rxe4 h5 49. Re3 Kf7 50. f4 Ke6 51. Kg2 Rd8 52. Kg3
Kf5 53. e6 Kf6 54. Re5 Rd5 55. Re3 Ke7 56. Kf2 Rf5 57. Re4 Rf6 58. Re5 Rxf4+
59. Kg2 b6 60. Rxh5 Kxe6 61. Kg3 Rf5 62. Rh6+ Rf6 63. Rxf6+ Kxf6 64. Kxg4 c5
65. bxc5 bxc5 66. Kf4 Ke6 67. Ke4 Kd6 68. Kd3 Kd5 69. h5 1-0